000 00679nam a22002057a 4500
999 _c61819
_d61819
005 20240520113850.0
008 240520s2005 enk||||| |||| 00| 0 eng d
020 _a9780721601182x
041 _aeng
080 _a617.5 B-98
100 _aBusuttil, Ronald W.
_910364
245 _aTransplantation of the Liver /
_cRonald W. Busuttil, Goran B. Klintmalm.
250 _aSecond edition
264 _aPhiladelphia :
_b Saunders,
_c2005.
300 _a1485 p:
_bill.;
_c29 cm.
653 _aღვიძლის გადანერგვა
653 _aმედიცინა
700 _aKlintmalm, Goran B.
_eავტორი
_922124
942 _2udc
_cᲬᲘᲒᲜᲘ